000 00747nam a2200193Ii 4500
003 JO-AjNU
008 230605s9999||||xx |||||||||||||| ||und||
040 _aJO-AjNU
_bara
_erda
_cJO-AjNU
041 _aara
050 1 4 _aLG395.J35.J35 2003
100 3 _aجامعة اليرموك,
_eauthor
_945905
245 0 0 _aالسنابل 2003 الكتاب السنوي الرابع والعشرون لجامعة اليرموك
264 3 1 _aإربد:جامعة اليرموك،2003
300 _a498ص
_bصور توضيحية
336 _atext
_btxt
_2rdacontent
337 _aunmediated
_bn
_2rdamedia
338 _avolume
_bnc
_2rdacarrier
650 4 _a الجامعات والكليات-الأردن-كتب سنوية-جامعة اليرموك
_945906
999 _aA19932
_c23500
_d23500